Southville International School and Colleges
Your cart is empty.
  • Cart
  • Lists
    Public lists Eva Luna New books Lux_list list_1
    Your lists Log in to create your own lists
  • Log in to your account
  • Your cookies
  • Search history
Southville International School and Colleges
  • Advanced search
  • Recent comments
  • Most popular
  • Libraries

Log in to your account

Log in with GOOGLE


If you do not have an external account, but do have a local account, you can still log in:

  1. Home
  2. MARC view: Pastel /
Normal view MARC view ISBD view

Pastel / (Record no. 288302)

[ view plain ]
MARC details
000 -LEADER
fixed length control field 00893nam a2200253 a 4500
003 - CONTROL NUMBER IDENTIFIER
control field PILC
005 - DATE AND TIME OF LATEST TRANSACTION
control field 20150803130703.0
008 - FIXED-LENGTH DATA ELEMENTS--GENERAL INFORMATION
fixed length control field 070421s ph 000 0 eng d
020 ## - INTERNATIONAL STANDARD BOOK NUMBER
International Standard Book Number 9719344612
050 00 - LIBRARY OF CONGRESS CALL NUMBER
Classification number N 3750.M3
Item number .B64 2008
100 1# - MAIN ENTRY--PERSONAL NAME
Personal name Bolañłos, Greg.
245 10 - TITLE STATEMENT
Title Pastel /
Statement of responsibility, etc by Greg Bola©łos ; editors, James Hardy, Marlene Aguilar ; writers Michael Casey, Marlene Aguilar ; design and layout Alexander Pascual ; photography, Demetrio Dela Cruz.
250 ## - EDITION STATEMENT
Edition statement 1st edition
260 ## - PUBLICATION, DISTRIBUTION, ETC. (IMPRINT)
Place of publication, distribution, etc Manila :
Name of publisher, distributor, etc Jamayco Pub. House,
Date of publication, distribution, etc 2008.
300 ## - PHYSICAL DESCRIPTION
Extent 178 pages :
Other physical details illustrations (chiefly color) ;
Dimensions 29 cm.
500 ## - GENERAL NOTE
General note "A Philippine heritage book."
650 #0 - SUBJECT ADDED ENTRY--TOPICAL TERM
Topical term or geographic name as entry element Art, Philippine
General subdivision Exhibition.
650 #0 - SUBJECT ADDED ENTRY--TOPICAL TERM
Topical term or geographic name as entry element Philippine Art Gallery.
700 1# - ADDED ENTRY--PERSONAL NAME
Personal name Casey, Michael.
700 1# - ADDED ENTRY--PERSONAL NAME
Personal name Aguilar, Marlene P.
700 1# - ADDED ENTRY--PERSONAL NAME
Personal name Hardy, James.
700 1# - ADDED ENTRY--PERSONAL NAME
Personal name Dela Cruz, Demetrio.
942 ## - ADDED ENTRY ELEMENTS (KOHA)
Source of classification or shelving scheme Library of Congress Classification
Koha item type Books
Holdings
Withdrawn status Lost status Source of classification or shelving scheme Damaged status Home library Current library Shelving location Date acquired Source of acquisition Sub Shelving location Total Checkouts Full call number Barcode Date last seen Price effective from Koha item type
    Library of Congress Classification   College Library College Library Filipiniana Section 07/31/2015 Donation     N 3750.M3 .B64 2008 C19617 05/08/2018 07/31/2015 Books

Pastel /

APA

Bolañłos G., Casey M., Aguilar M. P., Hardy J. & Dela Cruz D. (2008). Pastel. Manila: Jamayco Pub. House.

Chicago

Bolañłos Greg, Casey Michael, Aguilar Marlene P, Hardy James and Dela Cruz Demetrio. 2008. Pastel. Manila: Jamayco Pub. House.

Harvard

Bolañłos G., Casey M., Aguilar M. P., Hardy J. and Dela Cruz D. (2008). Pastel. Manila: Jamayco Pub. House.

MLA

Bolañłos Greg, Casey Michael, Aguilar Marlene P, Hardy James and Dela Cruz Demetrio. Pastel. Manila: Jamayco Pub. House. 2008.

  • Place hold
  • Print
  • Cite
  • Add to your cart (remove)
  • Save record
    BIBTEX Dublin Core MARCXML MARC (non-Unicode/MARC-8) MARC (Unicode/UTF-8) MARC (Unicode/UTF-8, Standard) MODS (XML) RIS
  • More searches
    Search for this title in:
    Other Libraries (WorldCat) Other Databases (Google Scholar) Online Stores (Bookfinder.com) Open Library (openlibrary.org)

Exporting to Dublin Core...

SOUTHVILLE LIBRARY

Southville International School and Colleges Library

1281 Tropical Ave. Cor. Luxembourg St., BF Homes International, Las Pinas City

Tel. No. 8256374 / 252358 Loc. 117/146

Powered by Koha